00503nam a2200193 a 4500001001300000003000900013005001700022008004100039020000900080082001500089100001900104245004800123260004000171300000900211500003500220505001300255650002200268700001900290nice12345678IN_TiNIC20260116012918.0050524s1981 newa grp 000 0 eng  ac9200a269.2bMAT aMathew, George aStruggling With People Is Living in Christ. aNew DelhibKalamkar Prakashanc1981 a154p aincludes index and biblioraphy2 aAppendix aEvangelistic Work1 aMathew, George